El surgimiento de la phantasía en la Grecia clásica: parecer y aparecer en Protágoras, Platón y Aristóteles

Gardado en:
Detalles Bibliográficos
Main Authors: Marcos, Graciela Elena (autora), Díaz, María Elena (Author)
Formato: Libro
Idioma:Lingua castelá
Publicado: Buenos Aires Prometeo Libros 2009
Edición:1a. ed
Subjects:
Tags: Engadir etiqueta
Sen Etiquetas, Sexa o primeiro en etiquetar este rexistro!

MARC

LEADER 00000cam a2200000 a 4500
001 UCF7537
003 CL-VaPUC
008 130627e20090000AG |||||||||||||||||spa|d
020 |a 9789875743144 
082 0 4 |a 182  |b MAR  |2 21 
100 |a Marcos, Graciela Elena  |e autora  |9 569589 
700 0 |a Díaz, María Elena  |e author  |9 569590 
245 1 3 |a El surgimiento de la phantasía en la Grecia clásica: parecer y aparecer en Protágoras, Platón y Aristóteles 
250 |a 1a. ed 
300 |a 296 p 
942 |c BK 
945 |d 20130627 00:00:00  |a dcastane 
260 |a Buenos Aires  |b Prometeo Libros  |c 2009 
600 0 7 |a PLATON  |2 CL-VaPUC  |9 222 
600 0 7 |a PROTAGORAS  |2 CL-VaPUC  |9 335223 
600 0 |a Sócrates  |9 266368 
650 0 |a Filosofía antigua   |9 255705 
650 0 |a Filosofía griega  |9 265579 
650 0 |a Filosofía presocrática   |9 345540 
583 |a last modification  |c 20130627 13:18:00  |k Rodrigo Vera 
999 |c 352360  |d 352358 
952 |0 0  |1 0  |4 0  |6 182_000000000000000_MAR_2009  |7 0  |8 A  |9 456848  |a BIBEDU  |b BIBEDU  |d 2019-11-22  |i 4980549  |l 1  |o 182 MAR 2009  |p 4980549  |r 2023-04-21  |s 2023-04-11  |w 2019-11-22  |y BK  |k FIL